000 00666nam a22002177a 4500
005 20251108165957.0
008 250721s1988 xx 000 0 ara d
020 _a7800514692
082 1 4 _aط/ق/تشي
100 1 _aتشي، دينغ يوي
245 1 0 _aالقنفد يبني بيتاً جديداً /
264 1 _aبكين :
_bدار الرافدين،
_c1988.
300 _a18ص.
650 1 7 _aالقصص العربية
650 1 7 _aالأدب العربي
650 1 7 _aأدب الأطفال
653 _aاطفال مرحلة متوسطة (6-9) سنوات
700 1 _aقوة، ماجدان
_eترجمة
942 _2ddc
_cBK
999 _c36418
_d36418